| 000 | 00638nam a2200205 a 4500 | ||
|---|---|---|---|
| 001 | ASINB001TE2EXW | ||
| 003 | OSt | ||
| 005 | 20170105102906.0 | ||
| 008 | 131024s2008 xxu eng d | ||
| 020 | _a8170493153 (hardcover) | ||
| 020 | _a9788170493150 (hardcover) | ||
| 040 | _a0 | ||
| 082 |
_a954.913 _bPAK 2008 |
||
| 245 | 0 | 0 |
_aPakistan occupied kashmir : _bthe untold story. |
| 260 |
_aNew Delhi : _bManas Publicatins, _c2008 |
||
| 300 | _a1 v. (unpaged) | ||
| 520 | _aPakistan Occupied Kashmir: The Untold Story. | ||
| 856 | 4 | 0 |
_3Amazon.com _uhttp://www.amazon.com/exec/obidos/ASIN/B001TE2EXW/chopaconline-20 |
| 942 |
_2ddc _cBK |
||
| 999 |
_c14892 _d14892 |
||